000 00418nam a2200169Ia 4500
008 230711s9999||||xx |||||||||||||| ||und||
020 _a978-93-272-2610-2
041 _aENG
082 _a658
_bVA-H
100 _aKumar,Varinder
245 0 _aHuman values and professional ethics
250 _a2nd Ed.
260 _c2013
_aNew Delhi
_bKalyani Publishers House
300 _a300
650 _aLiterature
942 _cBK
999 _c5557
_d5557